000 00562nam a22001937a 4500
003 OSt
005 20240715084318.0
008 240715b |||||||| |||| 00| 0 eng d
020 _a978-1-259-25545-8
040 _aDWC- Main Lib
_cOC
082 _aCirc. 330 C683e 2017
100 _aColander, David C.
245 _aEconomics /
_cDavid C. Colander.
260 _aNY:
_bMcGraw-Hill Education,
_cc2017.
300 _axxxii, 899 pages:
_bcolor illustration;
_cc26cm.
504 _aIncludes glossary and index.
650 _a1. Economics
942 _2ddc
_cBK-CIRC
_n1
999 _c2214
_d2214